000 00504nam a22002057a 4500
003 OSt
005 20140310184339.0
008 121112t xxu||||| |||| 00| 0 eng d
020 _a9780440237686
050 _aPZ 7
_b.L9673Gi 2002
100 _aLowry, Lois
_93746
245 _aThe Giver /
_cLois Lowry.
260 _aNew York, NY :
_bScholastic Inc.,
_c2002.
300 _a454 p. :
_c18 cm.
521 _aG5
526 _c760
942 _2lcc
_cBK-SCHOLAS
999 _c33793
_d33793